Albania… or Albany? - Statistics

General Stats
  • This quiz has been taken 37 times
  • The average score is 9 of 15
Answer Stats
Question Answer % Correct
There are more bunkers than inhabitants Albania
87%
At least one river flows in there Both
80%
2000 year-old civilisations’ remains can be found Albania
73%
Its rivers flow directly into the Atlantic Ocean Albany
73%
You can use the railway company Amtrak Albany
73%
Its flag has a direct link with the Netherlands Albany
73%
Has been occupied by foreign countries in the XXth century Albania
67%
We celebrate Summer during a dedicated festival Albania
60%
There are lakes as borderlands Albania
60%
Famous for its jazz clubs Albany
60%
An independence from an empire that owned parts of Europe is celebrated Both
53%
A duke’s name is involved in its etymology Albany
47%
An important Treaty has been signed Both
40%
Crossed by the 42nd parallel North Both
20%
Its flag has an animal and the red color Both
7%
No matching quizzes found
Score Distribution
Percent of People with Each Score
Percentile by Number Answered
Your Score History
You have not taken this quiz